Revista da Sociedade Brasileira de Medicina Tropical publication of the Sociedade Brasileira de Medicina Tropical.
| Autor Corporativo: | |
|---|---|
| Formato: | Electrónico Revista |
| Lenguaje: | inglés portugués |
| Publicado: |
Uberaba, MG, Brazil :
Sociedade Brasileira de Medicina Tropical
|
| Materias: | |
| Acceso en línea: | Full text available from Research Library: 01/01/1967 to 12/31/1978 Full text available from Research Library: 01/01/1980 to present |
MARC
| LEADER | 00000nas a2200000 a 4500 | ||
|---|---|---|---|
| 001 | ssj0027392 | ||
| 003 | WaSeSS | ||
| 005 | 20200512172242.0 | ||
| 006 | m d | ||
| 007 | cr n | ||
| 008 | 010605c19979999bl br pss 0 0eng c | ||
| 010 | |a 2001252680 | ||
| 022 | |a 1678-9849 |l 0037-8682 |y 0037-8682 | ||
| 035 | |a (WaSeSS)ssj0027392 | ||
| 040 | |a WAU |b eng |c WAU |d OCLCQ |d CGU |d DLC |d SERSO |d OCLCQ |d OCLCF |d OCLCO |d OCLCQ |d OCLCO |d OCLCQ |d OCLCA |d NTG |d OCLCO |d AU@ |d OCLCO |d WYU |d OCLCO |d OCLCA |d WaSeSS | ||
| 041 | 0 | |a eng |a por | |
| 042 | |a pcc | ||
| 043 | |a s-bl--- | ||
| 050 | 0 | 0 | |a RC960 |
| 130 | 0 | |a Revista da Sociedade Brasileira de Medicina Tropical (Online) | |
| 210 | 0 | 0 | |a Rev. Soc. Bras. Med. Trop |
| 210 | 1 | |a Rev. Soc. Bras. Med. Trop. |b (Online) | |
| 222 | 0 | |a Revista da Sociedade Brasileira de Medicina Tropical |b (Online) | |
| 245 | 1 | 0 | |a Revista da Sociedade Brasileira de Medicina Tropical |h [electronic resource] : |b publication of the Sociedade Brasileira de Medicina Tropical. |
| 260 | |a Uberaba, MG, Brazil : |b Sociedade Brasileira de Medicina Tropical | ||
| 310 | |a Bimonthly | ||
| 362 | 1 | |a Electronic coverage as of June 5, 2001: vol. 30, n. 1 (Jan./Feb. 1997)- | |
| 506 | |a License restrictions may limit access. | ||
| 538 | |a Mode of access: World Wide Web. | ||
| 546 | |a In English and Portuguese. | ||
| 588 | |a Description based on: Vol. 30, n. 1 (Jan./Feb. 1997); title from journal home page (viewed June 5, 2001). | ||
| 588 | |a Latest issue consulted: Vol. 37, no. 3 (May/June 2004) (viewed July 12, 2004). | ||
| 650 | 0 | |a Tropical medicine |v Periodicals. | |
| 650 | 0 | |a Tropical medicine |z Brazil |v Periodicals. | |
| 650 | 7 | |a Tropical medicine. |2 fast |0 (OCoLC)fst01157469 | |
| 650 | 2 | |a Tropical Medicine. | |
| 651 | 7 | |a Brazil. |2 fast |0 (OCoLC)fst01206830 | |
| 651 | 2 | |a Brazil. | |
| 655 | 0 | |a Electronic journals. | |
| 710 | 2 | |a Sociedade Brasileira de Medicina Tropical. | |
| 776 | 0 | |t Revista da Sociedade Brasileira de Medicina Tropical |x 0037-8682 |w (DLC)sn 90028079 |w (OCoLC)21075903 | |
| 850 | |a DLC | ||
| 856 | 4 | 0 | |z Full text available from Research Library: 01/01/1967 to 12/31/1978 |u https://search.proquest.com/publication/1796426 |
| 856 | 4 | 0 | |z Full text available from Research Library: 01/01/1980 to present |u https://search.proquest.com/publication/1796426 |